Návrh kúpacieho jazierka

Saved in:
Bibliographic Details
Main Author: Záborský, Martin (Author)
Other Authors: Marko, Ivana (Thesis advisor)
Format: Manuscript Book
Language:Slovak
Published: 2022
Subjects:
Online Access:http://is.stuba.sk/zp/portal_zp.pl?podrobnosti=159538
https://opac.crzp.sk/?fn=detailBiblioForm&sid=EC9507141B5FF6F04102C8C822A1
Tags: Add Tag
No Tags, Be the first to tag this record!

MARC

LEADER 00000ntm a22000003a 4500
001 stuzp88724
003 SK-STU
005 20230510101315.8
007 ta
008 150427s2015----xo-----f-mn---000-0-slo-d
040 |a STU  |b slo 
041 0 |a slo 
100 1 |a Záborský, Martin  |u 010280  |4 aut  |U SvF Stavebná fakulta  |T SvF Katedra zdravotného inžinierstva  |X 98226  |U V280  |Y 29  |7 98226 
242 0 1 |a Design of natural pool  |y eng 
245 1 0 |a Návrh kúpacieho jazierka 
260 |c 2022 
650 4 |a Kúpacie jazierko  |2 slo 
650 4 |a Relaxačná zóna  |2 slo 
650 4 |a Vodné prvky  |2 slo 
650 4 |a Relaxation zone  |2 eng 
650 4 |a Water features  |2 eng 
650 4 |a Swimming lake  |2 eng 
700 1 |a Marko, Ivana  |4 ths  |X 56732  |7 56732 
856 4 |u http://is.stuba.sk/zp/portal_zp.pl?podrobnosti=159538 
856 4 |u https://opac.crzp.sk/?fn=detailBiblioForm&sid=EC9507141B5FF6F04102C8C822A1